[Event "Cheliabinsk Panchenko Memorial op-B"]
[Site "Cheliabinsk"]
[Date "2020.09.12"]
[Round "6"]
[White "Nasybullina, Dayana"]
[Black "Baranova, Elizaveta"]
[Result "1/2-1/2"]
[WhiteElo "1787"]
[BlackElo "1620"]
[PlyCount "80"]
[EventDate "2020.09.07"]
[EventType "swiss"]
[EventRounds "9"]
[EventCountry "RUS"]
[SourceTitle "CBM 198 Extra"]
[Source "ChessBase"]
[SourceDate "2020.11.30"]
[SourceVersion "1"]
[SourceVersionDate "2020.11.30"]
[SourceQuality "1"]

1. Nf3 d5 2. d4 Nf6 3. Bf4 Bf5 4. e3 e6 5. c4 c6 6. Qb3 Qc8 7. Nc3 Nbd7 8. h3 Nb6 9. c5 Nbd7 10. Ne5 Nxe5 11. Bxe5 Nd7 12. Bg3 b6 13. cxb6 axb6 14. Be2 Be7 15. 0-0 Qb7 16. f3 Bg6 17. Rfd1 0-0 18. e4 Nf6 19. exd5 exd5 20. Bd3 Nh5 21. Be5 Bg5 22. Bxg6 hxg6 23. Na4 Qa7 24. Nc3 Be3+ 25. Kh1 Bf4 26. Bxf4 Nxf4 27. Re1 Rfe8 28. Qc2 Qd7 29. Ne2 Nh5 30. Qd2 Qd6 31. a3 Re6 32. g4 Ng3+ 33. Kg2 Nxe2 34. Rxe2 Rxe2+ 35. Qxe2 Qf6 36. Rd1 Ra4 37. Qd3 Ra8 38. Re1 Rd8 39. b4 Qf4 40. Qe3 Qf6 1/2-1/2